Šerif za mrežami

Bibliographic Details
Main Author: -ezv- (Author)
Format: Article
Language:Slovak
PhysicalDescription:Obr. 2.
Subjects:

MARC

LEADER 00000nab a2200000 a 4500
001 vtls000382179
003 SK-MaSNL
005 20260302232426.0
008 111202c1990 xo 0 slo
015 |a SNBRB19rr/mm-uuuuu 
035 |a CL0382301 
040 |a SNKBUCL  |b slo  |c SNKBUCL  |e AACR2 
041 0 |a slo 
044 |a xo  |c SK 
080 |a 791.43(437.6)  |2 1981 
080 |a 7.097  |2 1981 
100 1 |a -ezv-  |4 aut  |9 951505 
245 1 0 |a Šerif za mrežami  |c -ezv- ; Dimitrij Plichta 
300 |b Obr. 2. 
500 |a (Scenár a réžia Dimitrij Plichta.) 
650 0 7 |a Šerif za mrežami (film slovenský)  |2 snkbucl  |9 964578 
651 7 |a 5100  |2 snkbucl  |9 166206 
655 7 |a články z novín a časopisov  |2 snkbucl  |9 267496 
773 0 |t Televízia  |g Roč. 25, č. 20 (1990), s. 5 
850 |a Slovenská národná knižnica v Martine  |a MTA001 
852 |a SNK  |b KIS3GCP 
958 |a RK 
992 |a RBX 
999 |c 1542849  |d 1544779